| 000 | 00561nam a2200169Ia 4500 | ||
|---|---|---|---|
| 005 | 20250508153743.0 | ||
| 008 | 008 250505s9999 xx 000 0 eng d | ||
| 037 | _aBooks to be hide in OPAC | ||
| 040 |
_aFEDL _beng _cFEDL |
||
| 041 |
_aeng _2eng |
||
| 084 |
_a371.27, NAG/O _qFEDL |
||
| 245 | 0 | _aNagpur University : Question papers of the intermediate examination in arts and science of 1944 Part 2 | |
| 260 |
_aNagpur, India _bMessrs. Denett and Company _c1944 |
||
| 300 | _a120p. | ||
| 942 |
_cHB _h371.27, NAG/O |
||
| 999 |
_c1345239 _d1345239 |
||